| Tag |
First Indicator |
Second Indicator |
Subfields |
| LEADER |
00000cas a2200000 4500 |
| 001 |
in00000047529 |
| 005 |
20151007073358.0 |
| 008 |
750920d19051965nyumr1p 0uuua0eng d |
| 012 |
|
|
|e n
|
| 022 |
|
|
|a 0096-2031
|
| 035 |
|
|
|a (OCoLC)01641498
|
| 035 |
|
|
|9 AAE9614AM
|
| 040 |
|
|
|a MUL
|c MUL
|d NSD
|d TXA
|d UtOrBLW
|
| 042 |
|
|
|a nsdp
|
| 049 |
|
|
|a TXAE
|
| 090 |
|
|
|a TX795.A1
|b I383
|
| 222 |
|
0 |
|a Ice cream trade journal
|
| 245 |
0 |
0 |
|a Ice cream trade journal.
|
| 264 |
|
1 |
|a New York :
|b Magazines for Industry.
|
| 300 |
|
|
|a 61 volumes :
|b illustrations
|a monthly.
|
| 336 |
|
|
|a text
|b txt
|2 rdacontent
|
| 337 |
|
|
|a unmediated
|b n
|2 rdamedia
|
| 338 |
|
|
|a volume
|b nc
|2 rdacarrier
|
| 362 |
0 |
|
|a v. 1-61, no. 9; 1905-Sept. 1965.
|
| 650 |
|
0 |
|a Ice cream, ices, etc.
|x Periodicals.
|
| 785 |
0 |
7 |
|t Ice cream field
|
| 785 |
0 |
7 |
|t Ice cream field and ice cream trade journal
|
| 999 |
|
|
|a MARS
|
| 999 |
f |
f |
|s 2568089b-51a3-36bc-956b-b5b6d2cd42fe
|i ebca823b-8439-321d-bf46-6dc070bba5fa
|t 0
|
| 952 |
f |
f |
|a Texas A&M University
|b Rellis Campus
|c Joint Library Facility
|d Remote Storage
|e TX795.A1 I383
|h Library of Congress classification
|i unmediated -- volume
|k v.57
|l 1961
|m A14852432062
|p ric
|s JLF
|t 0
|
| 952 |
f |
f |
|a Texas A&M University
|b Rellis Campus
|c Joint Library Facility
|d Remote Storage
|e TX795.A1 I383
|h Library of Congress classification
|i unmediated -- volume
|k v.30:no.1
|l 1934:Jan.
|m A14816092672
|p ric
|s JLF
|t 0
|
| 952 |
f |
f |
|a Texas A&M University
|b Rellis Campus
|c Joint Library Facility
|d Remote Storage
|e TX795.A1 I383
|h Library of Congress classification
|i unmediated -- volume
|k v.53
|l 1957
|m A14852431965
|p ric
|s JLF
|t 0
|
| 952 |
f |
f |
|a Texas A&M University
|b Rellis Campus
|c Joint Library Facility
|d Remote Storage
|e TX795.A1 I383
|h Library of Congress classification
|i unmediated -- volume
|k v.52
|l 1956
|m A14852431858
|p ric
|s JLF
|t 0
|
| 952 |
f |
f |
|a Texas A&M University
|b Rellis Campus
|c Joint Library Facility
|d Remote Storage
|e TX795.A1 I383
|h Library of Congress classification
|i unmediated -- volume
|k v.59
|l 1963
|m A14852431833
|p ric
|s JLF
|t 0
|
| 952 |
f |
f |
|a Texas A&M University
|b Rellis Campus
|c Joint Library Facility
|d Remote Storage
|e TX795.A1 I383
|h Library of Congress classification
|i unmediated -- volume
|k v.50
|l 1954
|m A14852432187
|p ric
|s JLF
|t 0
|
| 952 |
f |
f |
|a Texas A&M University
|b Rellis Campus
|c Joint Library Facility
|d Remote Storage
|e TX795.A1 I383
|h Library of Congress classification
|i unmediated -- volume
|k v.54
|l 1958
|m A14852432070
|p ric
|s JLF
|t 0
|
| 952 |
f |
f |
|a Texas A&M University
|b Rellis Campus
|c Joint Library Facility
|d Remote Storage
|e TX795.A1 I383
|h Library of Congress classification
|i unmediated -- volume
|k v.56
|l 1960
|m A14852431957
|p ric
|s JLF
|t 0
|
| 952 |
f |
f |
|a Texas A&M University
|b Rellis Campus
|c Joint Library Facility
|d Remote Storage
|e TX795.A1 I383
|h Library of Congress classification
|i unmediated -- volume
|k v.58
|l 1962
|m A14852432179
|p ric
|s JLF
|t 0
|
| 952 |
f |
f |
|a Texas A&M University
|b Rellis Campus
|c Joint Library Facility
|d Remote Storage
|e TX795.A1 I383
|h Library of Congress classification
|i unmediated -- volume
|k v.55
|l 1959
|m A14852431841
|p ric
|s JLF
|t 0
|
| 952 |
f |
f |
|a Texas A&M University
|b Rellis Campus
|c Joint Library Facility
|d Remote Storage
|e TX795.A1 I383
|h Library of Congress classification
|i unmediated -- volume
|k v.51
|l 1955
|m A14852432294
|p ric
|s JLF
|t 0
|
| 952 |
f |
f |
|a Texas A&M University
|b Rellis Campus
|c Joint Library Facility
|d Remote Storage
|e TX795.A1 I383
|h Library of Congress classification
|i unmediated -- volume
|k v.61
|l 1965
|m A14852432054
|p ric
|s JLF
|t 0
|
| 952 |
f |
f |
|a Texas A&M University
|b Rellis Campus
|c Joint Library Facility
|d Remote Storage
|e TX795.A1 I383
|h Library of Congress classification
|i unmediated -- volume
|k v.60
|l 1964
|m A14852431940
|p ric
|s JLF
|t 0
|
| 998 |
f |
f |
|a TX795.A1 I383
|s v.34-61 (1938-1965)
|t 0
|l Remote Storage
|